000 00736nam a2200241Ia 4500
003 OSt
005 20220923224259.0
006 a|||||r|||| 00| 0
007 ta
008 220922b |||||||| |||| 00| 0 hin d
024 _a230,453
037 _cTextual
040 _aARTS
_cARTS
_bhin
041 _2hin
_ahin
082 _aO152:g(Y15), P4-;1
100 _aराकेश कुमार
_9156290
245 0 _aनारीवादी विमर्श
246 _aNārīvādī vimarsha
260 _aपंचकूला
_b आधार प्रकाशन
_c2004
300 _a226पृ.
_ccm.
942 _hO152:g(Y15), P4-;1
_cTEXL
_2CC
999 _c370352
_d370352